Branding vinárskych produktov a jeho vplyv na spotrebiteľské správanie

Preskúmanie, či dôležitosť etikety a dizajnu pri rozhodovaní o kúpe vína môže byť ovplyvnená vybranými atribútmi, uvedenými na fľaši vína.

Gespeichert in:
Bibliographische Detailangaben
1. Verfasser: Pospíšilová, Vanesa, 1998-
Weitere Verfasser: Smetanová, Petra, 1999-
Format: Buchkapitel
Sprache:Slowakisch
Tags: Tag hinzufügen
Keine Tags, Fügen Sie das erste Tag hinzu!

MARC

LEADER 00000naa a2200000 4500
001 0311825
005 20250807091316.7
041 0 |a slo 
044 |a SK 
245 1 0 |a Branding vinárskych produktov a jeho vplyv na spotrebiteľské správanie  |c Vanesa Pospíšilová, Petra Smetanová 
520 |a Preskúmanie, či dôležitosť etikety a dizajnu pri rozhodovaní o kúpe vína môže byť ovplyvnená vybranými atribútmi, uvedenými na fľaši vína. 
100 1 |a Pospíšilová, Vanesa, 1998- 
700 1 |a Smetanová, Petra, 1999-